Statistics for Largest Mobile Net Works in the World

Click here to take the quiz!

General Stats

  • This quiz has been taken 15 times
  • The average score is 3 of 10

Answer Stats

Subscribers (millions)Company% Correct
469.7Vodafone
100%
851.2China Mobile
38%
348.1Airtel
25%
280.6América Móvil
25%
265.1China Unicom
25%
276.5Telefónica
25%
214.0Telenor
25%
216.8China Telecom
13%
234.7MTN Group
13%
205.5VimpelCom
13%

Score Distribution

Percentile by Number Answered

Percent of People with Each Score

Your Score History

You have not taken this quiz